000 00449nam a2200157 4500
005 20260203124507.0
008 260203b |||||||| |||| 00| 0 eng d
020 _a9789966047380
050 _aHF5718
_b.K85 2021
100 _aKukubo, Peter Kibelesi
245 _aCommunication skills:
_bstudy text
260 _aNairobi, Kenya
_bStrathmore University Press
_c2021
300 _a198 p.:
_c28 cm.
650 _2Communication Skills
942 _2lcc
_cBK
999 _c60117
_d60117